Poľnohospodárska výroba a ochrana podzemnej vody

Bibliographic Details
Main Author: Lamoš, Dušan (Author)
Format: Article
Language:Slovak

MARC

LEADER 00000nab a2200000uu 4500
001 vtls010890391
003 SK-MaSNL
005 20260303145218.0
008 230222|1974 xo |||||||||||||||||slo|
015 |a SNBRB 
035 |a (urnnbn)urn:nbn:sk:snk:ar-005hn6 
035 |a (uuid)e8f5bd81-2498-40f3-9e76-3f0902b273f1 
035 |a urn:nbn:sk:snk-ab8kfi 
040 |a SNKBUCL  |b slo  |c SNKBUCL  |e AACR2 
041 0 |a slo 
044 |a xo  |c SK 
100 1 |a Lamoš, Dušan  |4 aut  |9 825724 
245 1 0 |a Poľnohospodárska výroba a ochrana podzemnej vody  |c Dušan Lamoš 
773 0 |t Mineralia Slovaca : časopis pre regionálnu a environmentálnu geológiu a aktivity Slovenskej geologickej spoločnosti a geologických asociácií  |g Roč. 6, č. 3 (1974), s. 299-302 
954 |a odborná, vedecká literatúra pôvodná (slovenská)  |2 lita 
958 |a OND 
958 |a EUIPO 
958 |a article10 
999 |c 2001376  |d 2003306